[Event "BCF-ch 92nd"]
[Site "Douglas IOM"]
[Date "2005.08.08"]
[Round "7.15"]
[White "Rayner, Francis"]
[Black "Pym, Thomas"]
[Result "1/2-1/2"]
[WhiteElo "2216"]
[BlackElo "2099"]
[PlyCount "58"]
[EventDate "2005.08.01"]

1. c4 c5 2. Nf3 Nf6 3. Nc3 Nc6 4. d4 cxd4 5. Nxd4 g6 6. e4 Bg7 7. Nc2 O-O 8.
Be2 a6 9. O-O d6 10. Be3 e6 11. Qd2 Qc7 12. Rfd1 Rd8 13. f3 Rb8 14. Rac1 b6 15.
Na3 Bb7 16. Nd5 exd5 17. cxd5 b5 18. dxc6 Bxc6 19. Nc2 Qe7 20. Nb4 Bb7 21. Bf4
Ne8 22. Nc6 Bxc6 23. Rxc6 Qb7 24. Rdc1 Rbc8 25. R6c2 Rxc2 26. Qxc2 d5 27. e5
Qb6+ 28. Qc5 Qe6 29. Bg5 f6 1/2-1/2

[Event "BCF-ch 92nd"]
[Site "Douglas IOM"]
[Date "2005.08.08"]
[Round "7.16"]
[White "Tippleston, Charles"]
[Black "De Coverly, Roger"]
[Result "1-0"]
[WhiteElo "2203"]
[BlackElo "2086"]
[PlyCount "135"]
[EventDate "2005.08.01"]

1. e4 e5 2. Nf3 Nc6 3. Bb5 a6 4. Bxc6 dxc6 5. O-O Be6 6. d4 exd4 7. Nxd4 Bc4 8.
Re1 Qf6 9. e5 Qg6 10. Qf3 Bd5 11. Qg3 O-O-O 12. Be3 Qxg3 13. hxg3 Re8 14. Bf4
h6 15. Nc3 Bb4 16. Bd2 Ne7 17. Rad1 Bc5 18. Be3 Bb6 19. f4 Rhg8 20. g4 g5 21.
f5 Ba5 22. Bd2 Bb6 23. Be3 Ba5 24. Nde2 h5 25. Rf1 h4 26. Bc5 Bc4 27. Rf3 Bb6
28. Bxb6 cxb6 29. e6 Bxe2 30. Nxe2 f6 31. Nc3 Rd8 32. Rfd3 Rxd3 33. Rxd3 Rd8
34. Rxd8+ Kxd8 35. Ne4 Ng8 36. Kf2 Ke7 37. Ke3 Nh6 38. Kf3 Ng8 39. b3 Nh6 40.
c3 Ng8 41. b4 a5 42. a3 axb4 43. axb4 b5 44. Nc5 Kd6 45. Nxb7+ Kd5 46. Ke3 Ne7
47. Nc5 Kd6 48. Kd4 Nd5 49. Ne4+ Ke7 50. Kc5 Nf4 51. Kxc6 Nxg2 52. Nf2 Ne3 53.
Kxb5 h3 54. Nxh3 Nxg4 55. Kc6 Ne3 56. b5 Nxf5 57. b6 Nd6 58. Kd5 Nb7 59. c4 Nd8
60. c5 Nxe6 61. c6 g4 62. Ng1 f5 63. Ne2 f4 64. b7 Nc7+ 65. Kc5 f3 66. Ng3 f2
67. Kb6 Nd5+ 68. Ka5 1-0

[Event "BCF-ch 92nd"]
[Site "Douglas IOM"]
[Date "2005.08.08"]
[Round "7.17"]
[White "Chaplin, Peter"]
[Black "Cumbers, Paul"]
[Result "0-1"]
[WhiteElo "2062"]
[BlackElo "2118"]
[PlyCount "86"]
[EventDate "2005.08.01"]

1. Nc3 d5 2. e4 e6 3. d4 Nf6 4. exd5 exd5 5. Bd3 Bg4 6. Nge2 Be7 7. f3 Bh5 8.
Nf4 Bg6 9. Nxg6 hxg6 10. Bg5 Nh5 11. Bxe7 Qxe7+ 12. Qe2 Nc6 13. O-O-O O-O-O 14.
Qxe7 Nxe7 15. Rhe1 Nc6 16. Bb5 Nf4 17. Bxc6 bxc6 18. g3 Ne6 19. h4 Kd7 20. Na4
Rb8 21. b3 g5 22. hxg5 Rh3 23. g6 Rxg3 24. gxf7 Rxf3 25. Re5 Rxf7 26. c4 Kd6
27. Nc3 Rf3 28. Kb2 Nf4 29. c5+ Kd7 30. Rg5 Rf2+ 31. Ka3 Ne6 32. Rg6 Rbf8 33.
b4 R8f3 34. Kb3 Re3 35. b5 cxb5 36. c6+ Kxc6 37. Kb4 a5+ 38. Kxa5 Rxc3 39.
Rxe6+ Kb7 40. Rb1 Rxa2+ 41. Kxb5 Rc4 42. Re7 Ra6 43. Rd1 Rca4 0-1

[Event "BCF-ch 92nd"]
[Site "Douglas IOM"]
[Date "2005.08.08"]
[Round "7.19"]
[White "Varnam, Liam"]
[Black "Surtees, Mike"]
[Result "0-1"]
[WhiteElo "2088"]
[BlackElo "2142"]
[PlyCount "82"]
[EventDate "2005.08.01"]

1. e4 c6 2. d4 d5 3. Nc3 b5 4. a3 a6 5. Nf3 f6 6. Bd3 e6 7. exd5 cxd5 8. O-O
Nc6 9. Re1 Kf7 10. Bf4 Bd6 11. Bg3 h5 12. Qe2 g5 13. Bxd6 Qxd6 14. Qe3 Nge7 15.
Rad1 Bd7 16. Nb1 Rag8 17. a4 bxa4 18. c4 Nb4 19. Na3 Rb8 20. c5 Qf4 21. Bf1 Nf5
22. Qxf4 gxf4 23. Rb1 Rb7 24. h3 Rhb8 25. Red1 a5 26. Rd2 Re8 27. Re1 Bc6 28.
Kh2 Ne7 29. Nh4 Ng6 30. Nxg6 Kxg6 31. Nc2 e5 32. Nxb4 Rxb4 33. Bd3+ e4 34. Bf1
Reb8 35. Rb1 a3 36. b3 a4 37. Ra2 Rxb3 38. Rba1 R8b4 39. Rd1 Rb2 40. Rxa3 Rxf2
41. Kg1 Rfb2 0-1

[Event "BCF-ch 92nd"]
[Site "Douglas IOM"]
[Date "2005.08.08"]
[Round "7.20"]
[White "Waters, Michael"]
[Black "Humphreys, Jerry"]
[Result "1-0"]
[WhiteElo "2125"]
[BlackElo "2115"]
[PlyCount "67"]
[EventDate "2005.08.01"]

1. e4 c5 2. Nc3 Nc6 3. f4 e6 4. Nf3 d6 5. Bc4 a6 6. a4 Nf6 7. d3 Be7 8. O-O O-O
9. Qe1 Rb8 10. Bd2 d5 11. Bb3 Nd4 12. e5 Nxb3 13. exf6 Nxd2 14. fxe7 Nxf3+ 15.
Rxf3 Qxe7 16. f5 Qf6 17. Qg3 Bd7 18. fxe6 Qd4+ 19. Kh1 Bxe6 20. Re1 g6 21. Qd6
Rbd8 22. Qb6 Qb4 23. Rxe6 Rde8 24. Qxb4 cxb4 25. Ree3 Rxe3 26. Rxe3 bxc3 27. b3
d4 28. Re7 b5 29. a5 Rd8 30. Kg1 Rd6 31. Kf2 Rf6+ 32. Kg3 Re6 33. Rxe6 fxe6 34.
Kf4 1-0

[Event "BCF-ch 92nd"]
[Site "Douglas IOM"]
[Date "2005.08.08"]
[Round "7.22"]
[White "Taylor, Geoffrey"]
[Black "Poobalasingam, Peter"]
[Result "0-1"]
[WhiteElo "2135"]
[BlackElo "2067"]
[PlyCount "76"]
[EventDate "2005.08.01"]

1. e4 e6 2. d4 d5 3. e5 c5 4. c3 Qb6 5. Nf3 Nc6 6. Bd3 cxd4 7. cxd4 Bd7 8. O-O
Nxd4 9. Nxd4 Qxd4 10. Nc3 a6 11. Qe2 Ne7 12. Kh1 Nc6 13. f4 Nb4 14. Bb1 Qc4 15.
Qxc4 dxc4 16. a3 Nd5 17. Ne4 Be7 18. Bd2 O-O 19. Ba2 Rac8 20. Rac1 b5 21. Rf3
Bc6 22. Bb1 f5 23. exf6 Nxf6 24. Nxf6+ Bxf6 25. Rh3 g6 26. b4 Rcd8 27. Be3 Bd4
28. Bxd4 Rxd4 29. Re3 Rdxf4 30. Rg1 Bd5 31. h3 Rf2 32. Be4 Rd2 33. Bxd5 exd5
34. Re7 c3 35. Rc7 c2 36. Kh2 d4 37. Re1 Rf7 38. Rc6 d3 0-1

[Event "BCF-ch 92nd"]
[Site "Douglas IOM"]
[Date "2005.08.08"]
[Round "7.23"]
[White "Fraser, Joseph"]
[Black "Ilett, Raymond"]
[Result "0-1"]
[WhiteElo "1959"]
[BlackElo "1824"]
[PlyCount "48"]
[EventDate "2005.08.01"]

1. e4 e6 2. d4 d5 3. Nc3 Bb4 4. e5 c5 5. a3 Bxc3+ 6. bxc3 Qc7 7. Qg4 Kf8 8. Bd2
b6 9. Nh3 Ba6 10. Nf4 Bxf1 11. Rxf1 Qd7 12. c4 Nh6 13. Qf3 Nc6 14. c3 dxc4 15.
dxc5 Rd8 16. Be3 Nxe5 17. Qe4 Nhg4 18. Bd4 bxc5 19. Bxc5+ Kg8 20. Qe2 g5 21.
Bd4 gxf4 22. h3 Nd3+ 23. Kd2 Nge5 24. Kc2 Ng6 0-1

[Event "BCF-ch 92nd"]
[Site "Douglas IOM"]
[Date "2005.08.09"]
[Round "8.1"]
[White "Haslinger, Stewart"]
[Black "Rowson, Jonathan"]
[Result "1/2-1/2"]
[WhiteElo "2412"]
[BlackElo "2599"]
[PlyCount "40"]
[EventDate "2005.08.01"]

1. e4 c5 2. Nf3 d6 3. d4 Nf6 4. Nc3 cxd4 5. Nxd4 a6 6. f4 e5 7. Nf3 Nbd7 8. a4
Be7 9. Bd3 O-O 10. O-O exf4 11. Bxf4 Qb6+ 12. Kh1 Qxb2 13. Nd5 Nxd5 14. exd5
Qb6 15. Qe2 Bf6 16. Rab1 Qc7 17. Bg5 g6 18. Bh6 Qd8 19. Bxf8 Qxf8 20. Nd2 Bd8
1/2-1/2

[Event "BCF-ch 92nd"]
[Site "Douglas IOM"]
[Date "2005.08.09"]
[Round "8.3"]
[White "Ward, Chris"]
[Black "Littlewood, Paul"]
[Result "1/2-1/2"]
[WhiteElo "2485"]
[BlackElo "2355"]
[PlyCount "90"]
[EventDate "2005.08.01"]

1. d4 d5 2. c4 e6 3. Nc3 Nf6 4. Bg5 Be7 5. e3 O-O 6. Nf3 h6 7. Bh4 b6 8. Rc1
Bb7 9. Bxf6 Bxf6 10. cxd5 exd5 11. Bd3 c5 12. O-O Nd7 13. Bf5 cxd4 14. exd4 g6
15. Bd3 Bg7 16. Qb3 Nf6 17. Ne5 Ne4 18. Nxe4 Bxe5 19. dxe5 dxe4 20. Bc4 Qe7 21.
Qg3 Kh7 22. e6 fxe6 23. Qe5 Rac8 24. Qxe6 Rfe8 25. Qf7+ Qxf7 26. Bxf7 Rxc1 27.
Rxc1 Re7 28. Bb3 Ba6 29. h4 Kg7 30. Kh2 Bd3 31. Rc6 b5 32. Ra6 Be2 33. Bd5 g5
34. hxg5 hxg5 35. b4 Bd3 36. Rd6 e3 37. fxe3 Rxe3 38. Bf3 Bf5 39. Rd5 Kf6 40.
Rd4 Ra3 41. Rd6+ Ke7 42. Rd5 Kf6 43. Rd6+ Ke7 44. Rd5 Kf6 45. Rd6+ Ke5 1/2-1/2

[Event "BCF-ch 92nd"]
[Site "Douglas IOM"]
[Date "2005.08.09"]
[Round "8.4"]
[White "Gordon, Stephen"]
[Black "Pert, Richard"]
[Result "1-0"]
[WhiteElo "2390"]
[BlackElo "2424"]
[PlyCount "61"]
[EventDate "2005.08.01"]

1. d4 Nf6 2. Nf3 g6 3. c4 Bg7 4. Nc3 d5 5. cxd5 Nxd5 6. e4 Nxc3 7. bxc3 c5 8.
Rb1 O-O 9. Be2 cxd4 10. cxd4 Qa5+ 11. Bd2 Qxa2 12. O-O Bd7 13. Bg5 Qe6 14. Re1
a5 15. Bf1 b5 16. d5 Qd6 17. e5 Qb6 18. Bxe7 Re8 19. d6 Na6 20. Bc4 Nc7 21.
Bxf7+ Kxf7 22. Qb3+ Ne6 23. Ng5+ Kg8 24. Nxe6 a4 25. Qa2 Bxe6 26. Qxe6+ Kh8 27.
Qd5 b4 28. d7 Rf8 29. Bxf8 Rxf8 30. Rbd1 Qxf2+ 31. Kh1 1-0

[Event "BCF-ch 92nd"]
[Site "Douglas IOM"]
[Date "2005.08.09"]
[Round "8.7"]
[White "Emms, John"]
[Black "Knott, Simon"]
[Result "1-0"]
[WhiteElo "2509"]
[BlackElo "2382"]
[PlyCount "85"]
[EventDate "2005.08.01"]

1. e4 e6 2. d4 d5 3. Nd2 c5 4. exd5 Qxd5 5. Ngf3 cxd4 6. Bc4 Qd6 7. O-O Nf6 8.
Nb3 Nc6 9. Nbxd4 Nxd4 10. Nxd4 a6 11. Re1 Qc7 12. Qe2 Bd6 13. Bg5 O-O 14. Bd3
Bxh2+ 15. Kh1 Bf4 16. Bxf6 gxf6 17. Qh5 f5 18. Nf3 f6 19. c3 Bd7 20. Bxf5 Bc6
21. Rxe6 Rae8 22. Rae1 Bxf3 23. Qxf3 Be5 24. Rxe8 Rxe8 25. Qh5 Rd8 26. Kg1 a5
27. Re4 Qf7 28. Rxe5 Qxh5 29. Be6+ Qf7 30. Bxf7+ Kxf7 31. Rxa5 b6 32. Rb5 Rd6
33. Kf1 Kg6 34. g4 Re6 35. Kg2 Rd6 36. Kg3 h6 37. f3 Rc6 38. Kf4 Re6 39. c4 Rc6
40. b3 Re6 41. a4 Rc6 42. Ke4 Re6+ 43. Kd5 1-0

[Event "BCF-ch 92nd"]
[Site "Douglas IOM"]
[Date "2005.08.09"]
[Round "8.8"]
[White "Storey, Charles"]
[Black "Williams, Simon"]
[Result "1/2-1/2"]
[WhiteElo "2211"]
[BlackElo "2461"]
[PlyCount "173"]
[EventDate "2005.08.01"]

1. e4 c5 2. c3 e6 3. Nf3 d5 4. exd5 exd5 5. d4 Nc6 6. Bb5 Bd6 7. O-O Nge7 8.
dxc5 Bxc5 9. Nbd2 O-O 10. Nb3 Bb6 11. Nbd4 Bg4 12. Qa4 Bd7 13. Nxc6 bxc6 14.
Bd3 Ng6 15. Bg5 f6 16. Bh4 Qe8 17. Rae1 Ne5 18. Be2 Qf7 19. Bg3 Rae8 20. Qc2
Re7 21. Nd4 Rfe8 22. Qd1 c5 23. Nc2 g6 24. b3 Bc6 25. f4 Nd7 26. Bf3 f5 27.
Rxe7 Rxe7 28. c4 Nf6 29. Bh4 Rd7 30. Bxf6 Qxf6 31. cxd5 c4+ 32. Kh1 cxb3 33.
axb3 Qc3 34. Qe2 Kf8 35. Re1 Rxd5 36. Qe7+ Kg8 37. Qe6+ Kg7 38. Bxd5 Bxd5 39.
Qxd5 Qxc2 40. h3 Qf2 41. Qe5+ Kh6 42. Kh2 Bd4 43. Qe2 Qxf4+ 44. g3 Qg5 45. h4
Qf6 46. Qd2+ Kg7 47. Qg5 Bc5 48. Rd1 Qe6 49. Rc1 Qe2+ 50. Kh3 h5 51. Qf4 Bd6
52. Qd4+ Be5 53. Qd1 Qe3 54. Qe1 Qd4 55. Rc4 Qd5 56. Ra4 f4 57. Re4 Bd6 58.
Qa1+ Kg8 59. Rxf4 Bxf4 60. gxf4 Qf3+ 61. Kh2 Qxf4+ 62. Kg2 Qg4+ 63. Kf1 Qf3+
64. Kg1 Qxb3 65. Qxa7 Qg3+ 66. Kf1 Qxh4 67. Kg2 Qg4+ 68. Kh1 h4 69. Kh2 Qf4+
70. Kg2 g5 71. Qe7 Qf5 72. Kh2 Kh8 73. Kg2 h3+ 74. Kg3 g4 75. Qh4+ Kg7 76. Qe7+
Kg6 77. Qe8+ Kf6 78. Qf8+ Ke5 79. Qc5+ Ke6 80. Qc8+ Kf6 81. Qf8+ Kg5 82. Qg7+
Kh5 83. Qh8+ Kg6 84. Qg8+ Kh6 85. Qh8+ Qh7 86. Qf6+ Qg6 87. Qh8+ 1/2-1/2

[Event "BCF-ch 92nd"]
[Site "Douglas IOM"]
[Date "2005.08.09"]
[Round "8.9"]
[White "Ashton, Adam"]
[Black "Rudd, Jack"]
[Result "1/2-1/2"]
[WhiteElo "2294"]
[BlackElo "2268"]
[PlyCount "112"]
[EventDate "2005.08.01"]

1. e4 e5 2. Nf3 Nc6 3. Bb5 a6 4. Bxc6 dxc6 5. O-O Bg4 6. h3 h5 7. d3 Qf6 8. Be3
Bd6 9. Nbd2 Ne7 10. Re1 Be6 11. d4 exd4 12. e5 Qg6 13. exd6 dxe3 14. dxe7 exd2
15. Qxd2 Qf6 16. Nd4 Qxe7 17. Qe3 O-O 18. Nxe6 Qxe6 19. Qxe6 fxe6 20. Rxe6 Rad8
21. Rae1 Rd2 22. R6e2 Rd5 23. c4 Rc5 24. b3 Rcf5 25. Rd1 R8f7 26. Rd4 Kh7 27.
g3 a5 28. Kg2 b6 29. Rde4 a4 30. Re5 axb3 31. axb3 Rf3 32. R5e3 R3f5 33. h4 g6
34. f4 Kg7 35. Kf3 Ra5 36. Re8 Ra3 37. R2e3 Ra2 38. Ke4 Rd2 39. Kf3 Rb2 40.
R8e5 c5 41. Ke4 Rd2 42. Kf3 Rb2 43. Rg5 Rd2 44. g4 hxg4+ 45. Kxg4 Rf2 46. Rf3
Rg2+ 47. Kh3 Rxg5 48. hxg5 Rd7 49. Kg4 Rd4 50. Re3 Kf7 51. Kf3 c6 52. Kg4 Rd1
53. Kf3 Rd4 54. Kg3 Rd2 55. Kg4 Rd1 56. Kf3 Rd4 1/2-1/2

[Event "BCF-ch 92nd"]
[Site "Douglas IOM"]
[Date "2005.08.09"]
[Round "8.10"]
[White "Eggleston, David"]
[Black "Jessel, Stephen"]
[Result "1/2-1/2"]
[WhiteElo "2138"]
[BlackElo "2285"]
[PlyCount "112"]
[EventDate "2005.08.01"]

1. d4 e6 2. c4 d5 3. Nc3 Nf6 4. cxd5 exd5 5. Bg5 c6 6. e3 Be7 7. Bd3 O-O 8.
Nge2 Nbd7 9. O-O Re8 10. Qc2 Nf8 11. Rad1 Be6 12. f3 Rc8 13. Kh1 a6 14. e4 dxe4
15. fxe4 Ng4 16. Bc1 Bg5 17. h3 Ne3 18. Bxe3 Bxe3 19. e5 Qh4 20. Rf3 Qh6 21.
Bf5 Rcd8 22. Qe4 Bg5 23. Qg4 Qh4 24. Bxe6 fxe6 25. Qxh4 Bxh4 26. Ne4 Be7 27.
Rdf1 Ng6 28. Nf6+ gxf6 29. exf6 Bxf6 30. Rxf6 Re7 31. Nf4 Nxf4 32. R6xf4 Red7
33. Re4 Rxd4 34. Rxe6 Rd1 35. Re8+ Rxe8 36. Rxd1 Re2 37. Rd8+ Kf7 38. Rd7+ Re7
39. Rxe7+ Kxe7 40. Kg1 Kf6 41. Kf2 c5 42. Ke3 Ke5 43. g3 c4 44. a4 b6 45. g4
Kd5 46. h4 Ke5 47. Kf3 b5 48. axb5 axb5 49. Ke3 b4 50. g5 b3 51. Kd2 Kf5 52.
Kc3 Kg4 53. Kxc4 Kxh4 54. Kxb3 Kxg5 55. Kc2 h5 56. b4 h4 1/2-1/2

[Event "BCF-ch 92nd"]
[Site "Douglas IOM"]
[Date "2005.08.09"]
[Round "8.11"]
[White "Cumbers, Paul"]
[Black "Mason, Don"]
[Result "1/2-1/2"]
[WhiteElo "2118"]
[BlackElo "2265"]
[PlyCount "87"]
[EventDate "2005.08.01"]

1. e4 e6 2. d4 d5 3. e5 c5 4. c3 Qb6 5. a3 Nc6 6. Nf3 Nh6 7. b4 cxd4 8. cxd4
Nf5 9. Bb2 Bd7 10. g4 Nfe7 11. Nc3 Na5 12. Nd2 Ng6 13. h4 Nc4 14. Nxc4 dxc4 15.
h5 Nf4 16. Qd2 Nd3+ 17. Bxd3 cxd3 18. Qxd3 Bc6 19. Rh3 Be7 20. b5 Bd5 21. Nxd5
exd5 22. f4 a6 23. a4 O-O 24. Qb3 axb5 25. axb5 Rxa1+ 26. Bxa1 Ra8 27. Bc3 Qe6
28. f5 Qh6 29. Bd2 Bg5 30. Qc3 Bxd2+ 31. Qxd2 Qb6 32. Rb3 Ra1+ 33. Kf2 f6 34.
e6 Ra4 35. Ke3 Qd6 36. Kf3 Ra1 37. Qc3 Ra8 38. b6 Qh2 39. e7 Qh3+ 40. Kf4 Qh2+
41. Qg3 Qd2+ 42. Qe3 Qh2+ 43. Qg3 Qd2+ 44. Qe3 1/2-1/2

[Event "BCF-ch 92nd"]
[Site "Douglas IOM"]
[Date "2005.08.09"]
[Round "8.12"]
[White "Hodgson, John"]
[Black "Rayner, Francis"]
[Result "1/2-1/2"]
[WhiteElo "2225"]
[BlackElo "2216"]
[PlyCount "33"]
[EventDate "2005.08.01"]

1. e4 e5 2. Nf3 Nc6 3. Bb5 a6 4. Ba4 Nf6 5. O-O Nxe4 6. d4 b5 7. Bb3 d5 8. dxe5
Be6 9. Qe2 Bc5 10. Be3 O-O 11. Rd1 Na5 12. Bxc5 Nxc5 13. Qe3 Naxb3 14. axb3 Qe7
15. Nc3 c6 16. Nd4 Bd7 17. Re1 1/2-1/2

[Event "BCF-ch 92nd"]
[Site "Douglas IOM"]
[Date "2005.08.09"]
[Round "8.14"]
[White "Eggleston, Thomas"]
[Black "Tippleston, Charles"]
[Result "1-0"]
[WhiteElo "2166"]
[BlackElo "2203"]
[PlyCount "91"]
[EventDate "2005.08.01"]

1. c4 e5 2. Nc3 Nf6 3. Nf3 Nc6 4. d4 exd4 5. Nxd4 Bb4 6. Nxc6 bxc6 7. Qc2 Qe7
8. Bd2 O-O 9. e3 d5 10. Be2 Bg4 11. O-O Rad8 12. Rad1 Bd6 13. h3 Bxe2 14. Nxe2
Ne4 15. Nd4 Qe5 16. Nf3 Qf6 17. b3 g5 18. Bc1 Qg6 19. Bb2 Rfe8 20. Ba1 g4 21.
hxg4 Qxg4 22. cxd5 Qh5 23. Qb2 f6 24. Rfe1 cxd5 25. Kf1 Kf7 26. Qc2 c5 27. Qd3
Bb8 28. Ke2 Qf5 29. Rh1 Rh8 30. Qb5 Qe6 31. Rh3 Bc7 32. Rdh1 Qf5 33. Qc6 Be5
34. g4 Qxg4 35. Bxe5 fxe5 36. Rxh7+ Rxh7 37. Rxh7+ Kg8 38. Qh6 Nc3+ 39. Kd2
Ne4+ 40. Kc2 Rd6 41. Rh8+ Kf7 42. Nxe5+ Ke7 43. Nxg4 Rxh6 44. Rxh6 Nd6 45. Rxd6
Kxd6 46. Kd3 1-0

[Event "BCF-ch 92nd"]
[Site "Douglas IOM"]
[Date "2005.08.09"]
[Round "8.15"]
[White "Surtees, Mike"]
[Black "Therrien, Alex"]
[Result "1/2-1/2"]
[WhiteElo "2142"]
[BlackElo "2294"]
[PlyCount "126"]
[EventDate "2005.08.01"]

1. e4 c5 2. c3 d5 3. f3 Nc6 4. Bb5 Nf6 5. d3 e5 6. Ne2 Be7 7. O-O O-O 8. Bxc6
bxc6 9. c4 Be6 10. b3 Nd7 11. Ng3 Re8 12. Nc3 Nb6 13. Qc2 g6 14. f4 exf4 15.
Bxf4 h5 16. exd5 cxd5 17. Nb5 h4 18. Ne2 Bf5 19. Rad1 Rf8 20. Bh6 Qd7 21. Bxf8
Bxf8 22. Qc1 d4 23. Qf4 a6 24. Na3 Kg7 25. Nc2 Bd6 26. Qf2 Qc7 27. h3 Rh8 28.
Nf4 Nd7 29. Kh1 Ne5 30. Qd2 Qd7 31. Rf2 Bb8 32. b4 cxb4 33. Qxb4 Nc6 34. Qc5 g5
35. Nd5 Bg6 36. Nxd4 Ba7 37. Qxc6 Qxc6 38. Nxc6 Bxf2 39. Nc3 Rc8 40. Ne7 Rb8
41. Nxg6 Kxg6 42. Ne4 Bd4 43. Nd2 Rb2 44. Nf3 Ba7 45. d4 f5 46. Ne5+ Kf6 47.
Nc6 Bb6 48. c5 Bc7 49. d5 Rc2 50. Nb4 Rxc5 51. Nxa6 Rc4 52. Nxc7 Rxc7 53. d6
Rd7 54. Kg1 Kf7 55. Kf2 Ke8 56. Rd5 g4 57. Ke3 gxh3 58. gxh3 Ra7 59. Kf4 Rxa2
60. Kxf5 Ra3 61. Kg4 Ra4+ 62. Kg5 Kd7 63. Rd3 Rb4 1/2-1/2

[Event "BCF-ch 92nd"]
[Site "Douglas IOM"]
[Date "2005.08.09"]
[Round "8.16"]
[White "Stone, Andrew"]
[Black "Waters, Michael"]
[Result "1/2-1/2"]
[WhiteElo "2265"]
[BlackElo "2125"]
[PlyCount "66"]
[EventDate "2005.08.01"]

1. d4 Nf6 2. c4 e5 3. dxe5 Ng4 4. Bf4 g5 5. Bg3 Bg7 6. Nf3 Nc6 7. e3 Ngxe5 8.
Nxe5 Nxe5 9. Nd2 d6 10. Be2 Bd7 11. O-O h5 12. Rb1 Qf6 13. Bxe5 Qxe5 14. b4 g4
15. c5 dxc5 16. Nc4 Qg5 17. bxc5 Bc6 18. Na5 Bd5 19. e4 Be6 20. Nxb7 O-O 21.
Qc2 Bd4 22. Kh1 f5 23. Bc4 Qf6 24. exf5 Bf7 25. Rbd1 Be5 26. Rfe1 Rae8 27. Na5
Kh8 28. Bxf7 Rxf7 29. Nc4 Rfe7 30. Nxe5 Rxe5 31. Rxe5 Rxe5 32. Kg1 Rxf5 33. c6
Re5 1/2-1/2

[Event "BCF-ch 92nd"]
[Site "Douglas IOM"]
[Date "2005.08.09"]
[Round "8.17"]
[White "Bonafont, Philip"]
[Black "Nixon, Thomas"]
[Result "0-1"]
[WhiteElo "2116"]
[BlackElo "2195"]
[PlyCount "30"]
[EventDate "2005.08.01"]

1. d4 Nf6 2. Nf3 e6 3. c4 b6 4. g3 Ba6 5. b3 d5 6. Bg2 dxc4 7. Ne5 Bb4+ 8. Bd2
cxb3 9. Bxb4 b2 10. Bxa8 bxa1=Q 11. Qa4+ b5 12. Qb3 Qdxd4 13. Nd3 Qc4 14. Qd1
Nd5 15. Bc5 Nc3 0-1

[Event "BCF-ch 92nd"]
[Site "Douglas IOM"]
[Date "2005.08.09"]
[Round "8.18"]
[White "Pym, Thomas"]
[Black "Hall, Daniel J"]
[Result "0-1"]
[WhiteElo "2099"]
[BlackElo "2037"]
[PlyCount "82"]
[EventDate "2005.08.01"]

1. e4 c5 2. Nf3 e6 3. d4 cxd4 4. Nxd4 Nf6 5. Nc3 Nc6 6. Be3 Bb4 7. Bd3 d5 8.
exd5 Nxd5 9. Nxc6 Nxc3 10. Nxd8 Nxd1+ 11. Kxd1 Kxd8 12. c3 Bd6 13. Kc2 Ke7 14.
Be4 f5 15. Bg5+ Kf7 16. Bf3 h6 17. Rad1 hxg5 18. Rxd6 Ke7 19. Rhd1 Rxh2 20.
Bxb7 Bxb7 21. Rd7+ Kf6 22. Rxb7 Rxg2 23. Rd2 Rh8 24. c4 g4 25. c5 f4 26. Rxa7
Rhh2 27. c6 g3 28. Rad7 gxf2 29. c7 f1=Q 30. c8=Q Rxd2+ 31. Rxd2 Rxd2+ 32. Kxd2
Qf2+ 33. Kd3 Qe3+ 34. Kc2 Qe4+ 35. Kd2 f3 36. Qf8+ Kg6 37. Qe8+ Kg5 38. Qe7+
Kh6 39. Qf7 Qe2+ 40. Kc3 Qe3+ 41. Kc2 f2 0-1

[Event "BCF-ch 92nd"]
[Site "Douglas IOM"]
[Date "2005.08.09"]
[Round "8.19"]
[White "Dignam, Matthew P"]
[Black "Chaplin, Peter"]
[Result "1-0"]
[WhiteElo "2194"]
[BlackElo "2062"]
[PlyCount "51"]
[EventDate "2005.08.01"]

1. d4 d5 2. Nc3 c6 3. e4 g6 4. e5 Bg7 5. h4 h5 6. Nh3 Bxh3 7. Rxh3 e6 8. Bg5
Qb6 9. Qd2 Nd7 10. O-O-O Ne7 11. Na4 Qc7 12. Qb4 Bf8 13. Be2 c5 14. Nxc5 Nxc5
15. dxc5 O-O-O 16. Qa4 Kb8 17. Ra3 Qxc5 18. Be3 Bh6 19. f4 d4 20. Rxd4 Rxd4 21.
Bxd4 Bxf4+ 22. Kb1 Qc7 23. Qxa7+ Kc8 24. Bb6 Nc6 25. Bxc7 Nxa7 26. Bd6 1-0

[Event "BCF-ch 92nd"]
[Site "Douglas IOM"]
[Date "2005.08.09"]
[Round "8.20"]
[White "Poobalasingam, Peter"]
[Black "De Coverly, Roger"]
[Result "0-1"]
[WhiteElo "2067"]
[BlackElo "2086"]
[PlyCount "126"]
[EventDate "2005.08.01"]

1. d4 Nf6 2. c4 g6 3. Nc3 Bg7 4. e4 d6 5. f4 O-O 6. Nf3 Na6 7. Bd3 e5 8. fxe5
dxe5 9. d5 Nc5 10. Bc2 a5 11. Be3 b6 12. O-O Ne8 13. Qd2 Nd6 14. b3 f5 15. Bh6
Re8 16. Bxg7 Kxg7 17. exf5 gxf5 18. Rae1 Qf6 19. Re2 Bd7 20. Rfe1 Nf7 21. a3 e4
22. Nd4 Ne5 23. Rf1 Ned3 24. Ndb5 Qe5 25. Bxd3 Nxd3 26. Qg5+ Kh8 27. Qh4 Rf8
28. Qh6 Rf6 29. Qe3 Re8 30. g3 Bxb5 31. Nxb5 f4 32. Qd4 f3 33. Rxe4 Qxd4+ 34.
Rxd4 f2+ 35. Kh1 Re1 36. Kg2 Rxf1 37. Kxf1 Rf3 38. Nxc7 Re3 39. Rxd3 Rxd3 40.
Kxf2 Kg8 41. b4 Rxa3 42. c5 bxc5 43. bxc5 Kf7 44. c6 Rc3 45. Nb5 Rc5 46. c7 Ke7
47. Na7 Rxc7 48. d6+ Kxd6 49. Nb5+ Kc6 50. Nxc7 Kxc7 51. Ke3 Kd6 52. Kd4 Ke6
53. g4 a4 54. h4 a3 55. Kc3 Ke5 56. Kb3 Kf4 57. h5 Kxg4 58. h6 Kg5 59. Kxa3
Kxh6 60. Kb4 Kg5 61. Kc5 h5 62. Kd4 Kf4 63. Kd3 Kf3 0-1

[Event "BCF-ch 92nd"]
[Site "Douglas IOM"]
[Date "2005.08.09"]
[Round "8.21"]
[White "McDonnell, James"]
[Black "Varnam, Liam"]
[Result "1-0"]
[WhiteElo "2054"]
[BlackElo "2088"]
[PlyCount "69"]
[EventDate "2005.08.01"]

1. e4 e5 2. Nf3 Nc6 3. Bb5 a6 4. Ba4 Nf6 5. Qe2 b5 6. Bb3 Be7 7. c3 d6 8. O-O
Bg4 9. a3 O-O 10. d3 Na5 11. Ba2 c5 12. Rd1 Qc7 13. h3 Bxf3 14. Qxf3 c4 15. d4
Nd7 16. Be3 Nb6 17. Nd2 Na4 18. Rab1 f6 19. Nf1 g6 20. Bh6 Rf7 21. Ne3 Nb6 22.
Qg3 Kh8 23. Rd2 Rg8 24. dxe5 dxe5 25. Rbd1 f5 26. Nd5 Nxd5 27. Rxd5 f4 28. Qg4
g5 29. Rd7 Qc6 30. R1d6 Qxe4 31. Qe6 Qe1+ 32. Kh2 g4 33. hxg4 Bh4 34. Rd1 Bg3+
35. Kh3 1-0

[Event "BCF-ch 92nd"]
[Site "Douglas IOM"]
[Date "2005.08.09"]
[Round "8.22"]
[White "Fraser, Joseph"]
[Black "Taylor, Geoffrey"]
[Result "1-0"]
[WhiteElo "1959"]
[BlackElo "2135"]
[PlyCount "95"]
[EventDate "2005.08.01"]

1. e4 c5 2. Nf3 Nc6 3. d4 cxd4 4. Nxd4 Nf6 5. Nc3 e6 6. Ndb5 d6 7. Bf4 e5 8.
Bg5 a6 9. Na3 b5 10. Bxf6 gxf6 11. Nd5 Bg7 12. c3 O-O 13. Nc2 f5 14. exf5 Bxf5
15. Nce3 Bg6 16. g3 e4 17. Bg2 Ne5 18. Nf4 Re8 19. O-O Rc8 20. h4 h6 21. Nxg6
Nxg6 22. h5 Nf8 23. Qg4 Qg5 24. Qxg5 hxg5 25. Nf5 Rcd8 26. Rad1 d5 27. Rd2 Re5
28. g4 Ne6 29. Ne7+ Kh7 30. Nc6 Re8 31. Nxe5 Bxe5 32. Rxd5 Nf4 33. Bxe4+ Kg8
34. Rd2 Bxc3 35. bxc3 Rxe4 36. f3 Re3 37. Rc2 f5 38. Kf2 Rd3 39. gxf5 Rd5 40.
Rh1 Rxf5 41. h6 Ng6 42. Rh5 Nh4 43. h7+ Kh8 44. Rd2 Rxf3+ 45. Ke2 Rf8 46. Rxg5
Re8+ 47. Kd1 Nf3 48. Rg8+ 1-0

[Event "BCF-ch 92nd"]
[Site "Douglas IOM"]
[Date "2005.08.09"]
[Round "8.23"]
[White "Humphreys, Jerry"]
[Black "Ilett, Raymond"]
[Result "0-1"]
[WhiteElo "2115"]
[BlackElo "1824"]
[PlyCount "66"]
[EventDate "2005.08.01"]

1. e4 e6 2. d4 d5 3. Nc3 Bb4 4. Qd3 dxe4 5. Qxe4 Nf6 6. Qh4 Nc6 7. Nge2 O-O 8.
Bd2 b6 9. O-O-O Bb7 10. a3 Be7 11. Qg3 Bd6 12. Qh3 Na5 13. Nb5 Ne4 14. Nxd6
cxd6 15. Be1 Rc8 16. Qd3 Nf6 17. Nc3 Qc7 18. f3 a6 19. Ne4 Bxe4 20. fxe4 Nc4
21. c3 d5 22. e5 Ne4 23. Be2 Qc6 24. Bf3 Qb5 25. Qe2 Qb3 26. Bxe4 dxe4 27. Bf2
Nxa3 28. Qxe4 Rxc3+ 29. Kd2 Qxb2+ 30. Ke1 Rc2 31. Be3 Re2+ 32. Kf1 Qb5 33. Qd3
Rxe3 0-1

[Event "BCF-ch 92nd"]
[Site "Douglas IOM"]
[Date "2005.08.10"]
[Round "9.4"]
[White "Littlewood, Paul"]
[Black "Greet, Andrew"]
[Result "0-1"]
[WhiteElo "2355"]
[BlackElo "2425"]
[PlyCount "92"]
[EventDate "2005.08.01"]

1. d4 Nf6 2. c4 e6 3. Nf3 b6 4. g3 Ba6 5. Nbd2 Bb7 6. Bg2 c5 7. e4 cxd4 8. O-O
d6 9. Nxd4 Qd7 10. Qe2 Nc6 11. Nxc6 Bxc6 12. b3 Be7 13. Bb2 Qb7 14. Rfe1 O-O
15. Rad1 Rfd8 16. Nb1 b5 17. Nc3 bxc4 18. bxc4 Nd7 19. Rb1 Bf8 20. Nb5 Qc8 21.
Ba3 Nc5 22. Qe3 a6 23. Nd4 Be8 24. f4 Rb8 25. Rxb8 Qxb8 26. f5 Rc8 27. fxe6
Nxe6 28. Nxe6 fxe6 29. Bh3 Bf7 30. Rf1 Rxc4 31. Qf2 Qe8 32. Qb6 Rxe4 33. Bxd6
Bxd6 34. Qxd6 h6 35. Qxa6 Ra4 36. Qe2 e5 37. Rc1 Rxa2 38. Qe4 Ra8 39. Rc5 Ra1+
40. Bf1 Bg6 41. Rxe5 Qf7 42. Qe2 Bf5 43. Re8+ Kh7 44. Rd8 Qa7+ 45. Qf2 Bh3 46.
Qxa7 Rxf1# 0-1